01431nas a2200361 i 450000100060000000300080000600500170001400600190003100700150005000800410006502200140010603500220012004000310014205000270017308000110020008200180021124501210022926400510035030000600040131000150046133600310047633700330050733800430054036200230058358801280060665000600073465000660079465000430086065000420090365500290094571000330097485600620100735905FlNmELB20241216221356.0m o d | cr cnu||||||||141130c20079999sp qr p o 0 0spa d z1699-3411 a(OCoLC)1105902620 aFINmELBbspaerdacFINmELB 4aZ1003.5.S63bM618 2007 a02(05)0 a028.9094622300aMi biblioteca.pSeúl, capital mundial de las bibliotecas y la información :bla revista del mundo bibliotecario. 1aMálaga :bFundación Alonso Quijano,c2007. a1 recurso en línea (volumen) :bilustraciones a color aTrimestral atextobtxt2rdacontent/spa acomputadorabc2rdamedia/spa arecurso en líneabcr2rdacarrier/spa0 anúmero 8 (2007)- aDescripción basada en recurso en línea; Título de la página del título en PDF (e-libro, visto November 30, 2014). 4aLibros y lecturazEspañavPublicaciones periódicas. 4aBibliotecas públicaszEspañavPublicaciones periódicas. 0aBooks and readingzSpainvPeriodicals. 0aPublic librarieszSpainvPeriodicals. 4aRevistas electrónicas.2 aFundacioón Alonso Quijano.40uhttps://elibro.net/ereader/politecnicointernacional/83589